| 000 | 00563nam a22001577a 4500 | ||
|---|---|---|---|
| 005 | 20260225091920.0 | ||
| 041 | _ae book | ||
| 100 | _aALAM. Md Najib, Ed. | ||
| 245 | _aAdvances in functional rubber and elastomer composites | ||
| 246 | _aSpecial issue Reprint | ||
| 260 |
_aBasel, Switzerland _bMDPI AG _c2024 |
||
| 300 | _a318p. | ||
| 650 |
_afunctional rubbercomposites and elastomer composites _aelastomer composites |
||
| 856 | _uhttps://mdpi-res.com/bookfiles/book/9512/Advances_in_Functional_Rubber_and_Elastomer_Composites.pdf?v=1770257410 | ||
| 942 | _cEB | ||
| 999 |
_c75792 _d75792 |
||